Sobre los límites del lenguaje normativo
Guardat en:
| Autor principal: | |
|---|---|
| Format: | Llibre |
| Idioma: | espanyol |
| Publicat: |
Buenos Aires
Astrea
1973
|
| Col·lecció: | Filosofía y Derecho, 3
|
| Matèries: | |
| Etiquetes: |
Afegir etiqueta
Sense etiquetes, Sigues el primer a etiquetar aquest registre!
|
MARC
| LEADER | 00000nam a2200000 a 4500 | ||
|---|---|---|---|
| 001 | UCT8754 | ||
| 003 | CL-VaPUC | ||
| 008 | 970326e19730000AG |||||||||||||||||spa|d | ||
| 082 | 0 | 4 | |a 340.1 |b CAR |2 21 |
| 100 | |a Carrió, Genaro R |e author |9 297754 | ||
| 245 | 1 | 0 | |a Sobre los límites del lenguaje normativo |
| 300 | |a 95 p | ||
| 942 | |c BK | ||
| 945 | |d 19970326 00:00:00 |a paguirre | ||
| 260 | |a Buenos Aires |b Astrea |c 1973 | ||
| 650 | 0 | |a Filosofía del derecho |9 255050 | |
| 650 | 0 | |a Teoría del derecho |9 255982 | |
| 650 | 7 | |a LENGUAJE JUDICIAL |2 CL-VaPUC |9 380749 | |
| 650 | 7 | |a TEORIA POLITICA |2 CL-VaPUC |9 380750 | |
| 583 | |a last modification |c 19970326 00:00:00 |k Rodrigo Vera | ||
| 490 | 0 | |a Filosofía y Derecho, 3 | |
| 999 | |c 257238 |d 257236 | ||
| 952 | |0 0 |1 0 |4 0 |6 340_100000000000000_CAR_1973 |7 0 |8 A |9 280524 |a BIBDER |b BIBDER |d 2019-11-19 |i 1817175 |l 1 |m 5 |o 340.1 CAR 1973 |p 1817175 |q 2025-12-31 |r 2020-02-27 |s 2020-02-27 |w 2019-11-19 |y BK |k DER | ||
| 952 | |0 0 |1 0 |4 0 |6 340_100000000000000_CAR_1973 |7 0 |8 DER_TF |9 280525 |a BIBDER |b BIBDER |d 2019-11-19 |i 1884565 |l 1 |o 340.1 CAR 1973 |p 1884565 |r 2023-01-25 |s 2020-03-18 |w 2019-11-19 |x Ubicación 4to Piso |y BK |z Estos recursos deben solicitarse con anticipación |k DER | ||